| 000 | 00896nam a2200229 u 4500 | ||
|---|---|---|---|
| 999 |
_c7939 _d7939 |
||
| 001 | 991061183276406706 | ||
| 003 | OSt | ||
| 005 | 20240925103752.0 | ||
| 008 | s2021 xx r 000 0 cat d | ||
| 020 | _a9788413035703 | ||
| 040 |
_aCDMR _bcat _cCDMR |
||
| 100 |
_aVilà Coma, Núria _94972 |
||
| 245 |
_aHistòries del 30' _b: [15 reportatges emblemàtics vistos avui] _c/ Núria Vilà Coma ; pròlegs de: Joan Salvat, Eduard Sanjuán, Carles Solà ; epíleg de: Genís Cormand |
||
| 260 |
_aLleida : _bPagès Editors, _c2024 |
||
| 300 | _a233 pàgines | ||
| 505 | _aCada capítol conté un codi QR per a visualitzar el vídeo del reportatge que s'hi comenta | ||
| 610 | 2 | 0 |
_9446 _aTelevisió de Catalunya _xProgrames |
| 630 | 0 |
_94973 _a30 minuts (Programa de televisió) |
|
| 650 | 0 |
_93122 _aTelevisió _zCatalunya _xProgrames |
|
| 740 | _aHistòries del 30 minuts | ||
| 942 |
_2udc _cMON |
||